Normal view
MARC view
- Chávez González, Pedro Teobaldo
Entry Nombre Personal
001 - NUMERO DE CONTROL
- campo de control: 42706
003 - IDENTIFICADOR DE NUMERO DE CONTROL
- campo de control: MX-MxUPN
005 - FECHA Y HORA DE LA ÜLTIMA TRANSACCIÓN
- campo de control: 20220428111340.0
008 - DATOS DE LONGITUD FIJA
- campo de control de longitud fija: nabaccnnaabn|||||||||| b |nc|||||d
035 ## - NUMERO DE CONTROL
- Número de control: UPN11000014813
040 ## - FUENTE DE CATALOGACIÓN
- Agencia original de catalogación: MX-MxUPN
- Lenguaje de catalogación: spa
- Agencia de transcripción: MX-MxUPN
100 1# - ENCABEZAMIENTO - NOMBRE PERSONAL
- Nombre personal: Chávez González, Pedro Teobaldo
670 ## - FUENTE EN LA QUE SE LOCALIZARON DATOS
- Cita de la fuente: El universo de las letras 3 : curso de español para tercer grado de educación secundaria, 1997:
- Información localizada: portada (Pedro Teobaldo Chávez González)
680 ## - NOTA PUBLICA DE ACCESO PÚBLICO
- Frase explicativa de la referencia: Profesor mexicano
902 ## - CATALOGADOR
- Catalogador: CAA/130619
